000 00697nam a2200289Ia 4500
005 20260324134433.0
008 008 260324s9999 xx 000 0 eng d
020 _a9781315190037
037 _aEBOOK
040 _aCRL
040 _beng
040 _cCRL
041 _2eng
041 _aeng
084 _qCRL
100 _aUlrike Hanna Meinhof
_91196809
245 0 _aLiving (with) Borders
245 0 _bIdentity Discourses on East-West Borders in Europe
260 _bTaylor and Francis
260 _c2002
365 _a
365 _b170
856 _uhttp://www.taylorfrancis.com/books/9781315190037
942 _cEBOOK
999 _c1796912
_d1796912